000 00574nam a2200205Ia 4500
005 20260429112151.0
008 260429s9999||||xx |||||||||||||| ||und||
020 _a9781009445337
041 _aEnglish
082 _a344.5401
_bROU
100 _aRouth, Supriya
245 0 _aLabour justice :
_ba constitutional evaluation of labour law /
_cSupriya Routh
250 _a1st ed.
260 _aUnited Kingdom :
_bCambridge University Press,
_c2024.
300 _axxv, 230 p.; hb
650 _a Constitution
650 _a justice
650 _aLabour law
942 _cTB
999 _c52687
_d52687